00813nam a2200229 i 45000010008000000030004000080050017000120080041000290100017000700400018000870430012001050500018001170820021001352450095001562600061002513000026003124400050003386500070003886510062004587000034005207000029005541760168OSt20230703091408.0760904s1975 ke 100 0 eng  a 75980139  aDLCcDLCdDLC afb-----00aJQ1875.A1bD400a350/.000967bRWE02aA Decade of public administration in Africa /ceditors, Anthony H. Rweyemamu, Goran Hyden. aNairobi, Kenya :bEast African Literature Bureau,c1975. axxi, 377 p. ;c23 cm. 0aManagement and administration series ;vno. 5 0aGovernment business enterpriseszAfrica, Sub-SaharanxCongresses. 0aAfrica, Sub-SaharanxPolitics and governmentxCongresses.1 aRweyemamu, Anthony H.,d1933-1 aHydén, Göran,d1938-